[Event "Guardian Royal Exchange Masters"]
[Site "London"]
[Date "1973.12.18"]
[Round "7"]
[White "Stean, Michael F"]
[Black "Karaklajic, Nikola"]
[Result "0-1"]
[WhiteElo "2320"]
[BlackElo "2420"]
[PlyCount "80"]
[EventDate "1973.12.11"]
[EventType "tourn"]
[EventRounds "9"]
[EventCountry "ENG"]
[EventCategory "7"]
[SourceTitle "Britbase"]
[Source "John Saunders"]
[SourceDate "2015.07.06"]
[SourceVersion "1"]
[SourceVersionDate "2015.07.06"]
[SourceQuality "1"]

1. e4 e5 2. Nf3 Nc6 3. Bb5 a6 4. Bxc6 dxc6 5. O-O f6 6. d4 Bg4 7. c3 exd4 8.
cxd4 c5 9. d5 Bd6 10. h3 Bh5 11. g4 Bf7 12. Re1 Ne7 13. e5 fxe5 14. Nxe5 O-O
15. Bg5 h6 16. Bxe7 Bxe7 17. Nc3 Bd6 18. Qd3 Be8 19. Nc4 Qh4 20. Re2 Bf4 21.
Kg2 h5 22. Qe4 Bd7 23. Qe7 Qxe7 24. Rxe7 Rad8 25. gxh5 Bg5 26. Ree1 Bh4 27. Re2
Be8 28. Re4 Bxf2 29. Re7 Bd4 30. Rxc7 Bxc3 31. bxc3 Rxd5 32. h4 Bc6 33. Kg3
Rd3+ 34. Kh2 Rff3 35. Rc8+ Kh7 36. Rxc6 bxc6 37. Ne5 Rd2+ 38. Kg1 Rg3+ 39. Kf1
Rh3 40. Kg1 Rxh4 0-1

[Event "Guardian Royal Exchange Masters"]
[Site "London"]
[Date "1973.12.19"]
[Round "8"]
[White "Karaklajic, Nikola"]
[Black "Webb, Simon"]
[Result "1/2-1/2"]
[WhiteElo "2420"]
[BlackElo "2330"]
[PlyCount "133"]
[EventDate "1973.12.11"]
[EventType "tourn"]
[EventRounds "9"]
[EventCountry "ENG"]
[EventCategory "7"]
[SourceTitle "Britbase"]
[Source "John Saunders"]
[SourceDate "2015.07.06"]
[SourceVersion "1"]
[SourceVersionDate "2015.07.06"]
[SourceQuality "1"]

1. e4 e6 2. d4 d5 3. Nc3 Bb4 4. e5 Ne7 5. Qg4 Nf5 6. Bg5 h5 7. Qxf5 exf5 8.
Bxd8 Kxd8 9. Nge2 Be6 10. h4 c6 11. a3 Be7 12. Nf4 Kc7 13. Be2 Nd7 14. Bxh5 Rh6
15. g3 Rah8 16. Bf3 g5 17. Nd3 f6 18. exf6 Bxf6 19. Ne2 gxh4 20. gxh4 Rxh4 21.
O-O-O Bg5+ 22. Kb1 Nf6 23. Rhg1 Ng4 24. Nef4 Bf7 25. Rde1 R8h6 26. Bd1 Bxf4 27.
Re7+ Kc8 28. Bxg4 Rxg4 29. Rxg4 fxg4 30. Rxf7 Rh1+ 31. Ka2 Bd6 32. b4 a6 33.
Kb3 g3 34. fxg3 Rg1 35. Rf6 Kc7 36. Rf7+ Kc8 37. a4 Rxg3 38. a5 Re3 39. Rh7 Rg3
40. Kc3 Rg4 41. Rh3 Rg3 42. Rh8+ Kc7 43. Rh7+ Kc8 44. Kb3 Re3 45. Rh1 Rg3 46.
Rd1 Kd7 47. c3 Re3 48. Nb2 Kc8 49. Rh1 Re8 50. Na4 Bc7 51. Rh7 Kb8 52. Kc2 Bd6
53. Kd3 Bc7 54. Nc5 Kc8 55. Rf7 Kb8 56. Nd7+ Kc8 57. c4 dxc4+ 58. Kxc4 Rd8 59.
Nc5 Re8 60. Rh7 Kb8 61. Rh6 Kc8 62. Rh5 Kb8 63. Nd7+ Kc8 64. Nb6+ Kb8 65. Rh7
Rd8 66. Re7 Rh8 67. Nd7+ 1/2-1/2

[Event "Guardian Royal Exchange Masters"]
[Site "London"]
[Date "1973.12.19"]
[Round "8"]
[White "Markland, Peter Richard"]
[Black "O'Kelly de Galway, Alberic"]
[Result "1/2-1/2"]
[WhiteElo "2405"]
[BlackElo "2445"]
[PlyCount "82"]
[EventDate "1973.12.11"]
[EventType "tourn"]
[EventRounds "9"]
[EventCountry "ENG"]
[EventCategory "7"]
[SourceTitle "Britbase"]
[Source "John Saunders"]
[SourceDate "2015.07.06"]
[SourceVersion "1"]
[SourceVersionDate "2015.07.06"]
[SourceQuality "1"]

1. e4 e5 2. Nf3 Nc6 3. Bc4 Bc5 4. O-O d6 5. c3 Qe7 6. h3 Nf6 7. b4 Bb6 8. Re1
O-O 9. a4 a6 10. d4 Kh8 11. Ba3 Ng8 12. b5 Na5 13. Bd3 f6 14. Nbd2 Qf7 15. Bb4
Ne7 16. Qc2 Ng6 17. Bxa5 Bxa5 18. Nc4 b6 19. Nxa5 bxa5 20. Qa2 Be6 21. d5 Bc8
22. Bf1 Nf4 23. Kh2 g5 24. Qc4 axb5 25. axb5 Ra7 26. Ng1 g4 27. g3 Ng6 28. Ra2
h5 29. h4 f5 30. exf5 Bxf5 31. Bd3 Qf6 32. Bxf5 Qxf5 33. Qe4 Qxe4 34. Rxe4 Ne7
35. c4 Ng8 36. Kg2 Nf6 37. Re3 Nd7 38. Ne2 Nc5 39. Nc3 Kg7 40. Ne4 Nxe4 41.
Rxe4 Rf3 1/2-1/2

[Event "Guardian Royal Exchange Masters"]
[Site "London"]
[Date "1973.12.19"]
[Round "8"]
[White "Stean, Michael F"]
[Black "Reshevsky, Samuel Herman"]
[Result "1/2-1/2"]
[WhiteElo "2320"]
[BlackElo "2560"]
[PlyCount "137"]
[EventDate "1973.12.11"]
[EventType "tourn"]
[EventRounds "9"]
[EventCountry "ENG"]
[EventCategory "7"]
[SourceTitle "Britbase"]
[Source "John Saunders"]
[SourceDate "2015.07.06"]
[SourceVersion "1"]
[SourceVersionDate "2015.07.06"]
[SourceQuality "1"]

1. e4 e5 2. Nf3 Nc6 3. Bb5 a6 4. Bxc6 dxc6 5. O-O Qd6 6. a4 Ne7 7. Na3 Ng6 8.
Nc4 Qf6 9. d4 exd4 10. Qxd4 Qxd4 11. Nxd4 c5 12. Nf5 Be6 13. Nce3 Nf4 14. Re1
O-O-O 15. b3 c4 16. Nxc4 Ne2+ 17. Kf1 Nxc1 18. Raxc1 Bxc4+ 19. bxc4 g6 20. Nh4
Ba3 21. Ra1 Bb4 22. Red1 Rde8 23. f3 f5 24. g3 fxe4 25. f4 Re6 26. Rab1 a5 27.
Ng2 e3 28. Ke2 Rhe8 29. Rd3 Bc5 30. Rbb3 Re4 31. Nxe3 Rxc4 32. Rbc3 Rxc3 33.
Rxc3 b6 34. Kf3 Rd8 35. g4 Rd2 36. h3 Bd4 37. Rd3 Bxe3 38. Rxe3 Rxc2 39. f5
gxf5 40. gxf5 Rc4 41. Re7 h5 42. Rh7 Kd8 43. Ke3 h4 44. f6 Ke8 45. Kd3 Rxa4 46.
Rxc7 Rf4 47. Rb7 Rb4 48. Kc3 b5 49. Re7+ Kf8 50. Rb7 Rc4+ 51. Kd3 Rb4 52. Kc3
Rc4+ 53. Kd3 Rc5 54. Kd4 Rg5 55. Ke4 a4 56. Ra7 Rg3 57. Kf5 Rxh3 58. Ra8+ Kf7
59. Ra7+ Ke8 60. Ra8+ Kd7 61. f7 Rf3+ 62. Kg6 h3 63. Ra7+ Ke6 64. Ra6+ Ke7 65.
Ra7+ Kf8 66. Ra8+ Ke7 67. Ra7+ Kd8 68. Ra8+ Ke7 69. Ra7+ 1/2-1/2

[Event "Guardian Royal Exchange Masters"]
[Site "London"]
[Date "1973.12.20"]
[Round "9"]
[White "Hecht, Hans Joachim"]
[Black "Stean, Michael F"]
[Result "1/2-1/2"]
[WhiteElo "2505"]
[BlackElo "2320"]
[PlyCount "23"]
[EventDate "1973.12.11"]
[EventType "tourn"]
[EventRounds "9"]
[EventCountry "ENG"]
[EventCategory "7"]
[SourceTitle "Britbase"]
[Source "John Saunders"]
[SourceDate "2015.07.06"]
[SourceVersion "1"]
[SourceVersionDate "2015.07.06"]
[SourceQuality "1"]

1. Nf3 c5 2. c4 g6 3. Nc3 Bg7 4. d4 cxd4 5. Nxd4 Nc6 6. Nxc6 dxc6 7. Qxd8+ Kxd8
8. Bd2 Kc7 9. e3 Nf6 10. Be2 Rd8 11. O-O-O e5 12. Be1 1/2-1/2

[Event "Guardian Royal Exchange Masters"]
[Site "London"]
[Date "1973.12.20"]
[Round "9"]
[White "Webb, Simon"]
[Black "Keene, Raymond Dennis"]
[Result "1/2-1/2"]
[WhiteElo "2330"]
[BlackElo "2445"]
[Annotator "Perkins Alan"]
[PlyCount "64"]
[EventDate "1973.12.11"]
[EventType "tourn"]
[EventRounds "9"]
[EventCountry "ENG"]
[EventCategory "7"]
[SourceTitle "Britbase"]
[Source "John Saunders"]
[SourceDate "2015.07.06"]
[SourceVersion "1"]
[SourceVersionDate "2015.07.06"]
[SourceQuality "1"]

1. Nf3 Nf6 2. g3 b6 3. Bg2 Bb7 4. O-O c5 5. d3 g6 6. e4 d6 7. Nh4 Nc6 8. c3 Bg7
9. d4 cxd4 10. cxd4 O-O 11. Nc3 Rc8 12. f4 Ba6 13. Re1 Ne8 14. Nf3 e6 15. Be3
Na5 16. Bf2 Nf6 17. Bh3 Nc4 18. Qb3 d5 19. e5 Ne4 20. Nxe4 dxe4 21. Ng5 Bb7 22.
Bg2 e3 23. Bxe3 Bxg2 24. Kxg2 Nxe3+ 25. Rxe3 Qxd4 26. Rd1 Rc2+ 27. Qxc2 Qxe3
28. Kf1 b5 29. Rd3 Qb6 30. Rd6 Qb8 31. Rd7 {After this stroke of good luck 
[his win vs Reshevsky] Webb got into his stride and his win against Vujacic
and draws with O’Kelly and Karaklaic owed nothing to good fortune. In the
last round he faced Keene who was eager to draw in order to clinch second
place but Webb, full of confidence, didn’t want to know and proceeded to
build up an impressive position. They reached the diagrammed position and
Keene played} h6 {whereupon after a little thought Webb replied} 32. Nxe6 $2 {
(which in fact is precisely the sort of thing his opponents often do). Now,
ask yourself: would a player of Keene’s strength overlook a sucker punch
like this? Well, he hadn’t done on this occasion and after Black played} fxe6
{Webb realised that his intended 33 Qxg6 was refuted out of hand by 33...Qxe5.
What makes this incident memorable is that Keene decided to register his
distaste for winning in such a manner by now agreeing the game drawn! This was
a gesture which incidentally both puzzled and impressed Reshevsky and Benkö 
(who was spectating). Can Keene’s future opponents expect further acts of
great generosity from him? Source: BCM, January 1974, p55} 1/2-1/2

[Event "GRE Masters Reserves"]
[Site "London"]
[Date "1973.12.11"]
[Round "1"]
[White "Bellin, Robert"]
[Black "McGrillen, Hugh"]
[Result "1-0"]
[WhiteElo "2320"]
[BlackElo "2290"]
[PlyCount "73"]
[EventDate "1973.12.11"]
[EventType "tourn"]
[EventRounds "9"]
[EventCountry "ENG"]
[SourceTitle "BritBase"]
[Source "John Saunders"]
[SourceDate "2021.07.20"]
[SourceVersion "1"]
[SourceVersionDate "2021.07.20"]
[SourceQuality "1"]

1. e4 c5 2. Nf3 d6 3. d4 cxd4 4. Nxd4 Nf6 5. Nc3 e6 6. g4 h6 7. Bg2 a6 8. h3
Qc7 9. Nb3 Bd7 10. O-O Be7 11. Be3 Nc6 12. f4 O-O-O 13. Na4 Rdf8 14. Bb6 Qb8
15. Qd2 Na7 16. Qc3+ Bc6 17. Na5 Nd7 18. Nc4 Nxb6 19. Naxb6+ Kd8 20. a4 Nc8 21.
Nxc8 Qxc8 22. Rfd1 Qc7 23. Nxd6 Bxd6 24. e5 Bd5 25. Qxc7+ Bxc7 26. c4 Ke7 27.
cxd5 exd5 28. Bxd5 b6 29. Re1 Rd8 30. Rad1 b5 31. axb5 axb5 32. Kg2 Ba5 33. Re2
Rc8 34. e6 f6 35. Bb3 Rhd8 36. Rd7+ Ke8 37. Rxg7 1-0

[Event "GRE Masters Reserves"]
[Site "London"]
[Date "1973.12.11"]
[Round "1"]
[White "Bohm, Hans"]
[Black "Cafferty, Bernard"]
[Result "1/2-1/2"]
[WhiteElo "2250"]
[BlackElo "2355"]
[PlyCount "147"]
[EventDate "1973.12.11"]
[EventType "tourn"]
[EventRounds "9"]
[EventCountry "ENG"]
[SourceTitle "BritBase"]
[Source "John Saunders"]
[SourceDate "2021.07.20"]
[SourceVersion "1"]
[SourceVersionDate "2021.07.20"]
[SourceQuality "1"]

1. e4 e6 2. d4 d5 3. exd5 exd5 4. Bd3 Nc6 5. Ne2 Bg4 6. f3 Bh5 7. O-O Nf6 8.
Re1 Be7 9. Ng3 Bg6 10. Nf5 Bxf5 11. Bxf5 O-O 12. c3 Re8 13. Nd2 Bd6 14. Nf1 Ne7
15. Bc2 Ng6 16. Bg5 Rxe1 17. Qxe1 Bf4 18. Bxf4 Nxf4 19. Qe3 Qd6 20. Re1 g6 21.
Qe5 Qxe5 22. Rxe5 Kf8 23. g3 Ne6 24. Bb3 c6 25. Nd2 Re8 26. Bc2 Re7 27. Kf2 Ke8
28. Bd3 Nd7 29. Re1 Nb6 30. b3 Nc8 31. Nf1 Nd6 32. Ne3 f5 33. Nc2 Kf7 34. Bf1
Kf6 35. Nb4 Nc7 36. Rc1 Nf7 37. Nd3 Ne6 38. Re1 Nc7 39. Ra1 Nb5 40. Rc1 Nc7 41.
a4 Ne8 42. Nc5 Nfd6 43. Bg2 Nc7 44. h4 Ne6 45. Nd3 Nf7 46. Re1 Nc7 47. Rh1 Ne6
48. Rb1 Nc7 49. Bf1 Nd6 50. Rc1 Ne6 51. a5 a6 52. Nb4 h6 53. Rd1 Rd7 54. Nd3
Nf7 55. Ke3 Re7 56. Kd2 Re8 57. Bg2 Rg8 58. Ke2 Re8 59. Kf2 Re7 60. Re1 {
(sealed)} Nd6 61. Ne5 Nb5 62. Re3 g5 63. hxg5+ hxg5 64. Bf1 f4 65. gxf4 gxf4
66. Ng4+ Kg7 67. Rd3 Re8 68. Bh3 Ng5 69. Bg2 Ne6 70. Bf1 Rh8 71. Ne5 Rh2+ 72.
Bg2 Rh4 73. Nd7 Kg6 74. Ne5+ {(sealed) Source: BC scoresheet} 1/2-1/2

[Event "GRE Masters Reserves"]
[Site "London"]
[Date "1973.12.11"]
[Round "1"]
[White "Nunn, John DM"]
[Black "Formanek, Edward W"]
[Result "0-1"]
[WhiteElo "2300"]
[BlackElo "2260"]
[PlyCount "72"]
[EventDate "1973.12.11"]
[EventType "tourn"]
[EventRounds "9"]
[EventCountry "ENG"]
[SourceTitle "BritBase"]
[Source "John Saunders"]
[SourceDate "2021.07.20"]
[SourceVersion "1"]
[SourceVersionDate "2021.07.20"]
[SourceQuality "1"]

1. e4 c5 2. Nf3 Nc6 3. d4 cxd4 4. Nxd4 Nf6 5. Nc3 d6 6. Bc4 Bd7 7. O-O g6 8.
Nxc6 Bxc6 9. Bg5 Bg7 10. Nd5 O-O 11. Bxf6 exf6 12. Qd3 Qd7 13. Ne3 Rfe8 14. f3
b5 15. Bb3 a5 16. Kh1 f5 17. exf5 Rxe3 18. Qxe3 a4 19. fxg6 hxg6 20. Rad1 axb3
21. Qxb3 Be5 22. f4 Qg4 23. Qg3 Qxg3 24. hxg3 Bxb2 25. Rxd6 Be4 26. Re1 Bf5 27.
g4 Bxg4 28. Kh2 Bc3 29. Re3 b4 30. Re7 Rxa2 31. Rb6 Ra8 32. Rbb7 Rf8 33. Kg3
Bd1 34. f5 gxf5 35. Kf4 Bxc2 36. Rbc7 Bd2+ 0-1

[Event "GRE Masters Reserves"]
[Site "London"]
[Date "1973.12.12"]
[Round "2"]
[White "Clarke, Peter Hugh"]
[Black "Cafferty, Bernard"]
[Result "1/2-1/2"]
[WhiteElo "2360"]
[BlackElo "2355"]
[PlyCount "40"]
[EventDate "1973.12.11"]
[EventType "tourn"]
[EventRounds "9"]
[EventCountry "ENG"]
[SourceTitle "BritBase"]
[Source "John Saunders"]
[SourceDate "2021.07.20"]
[SourceVersion "1"]
[SourceVersionDate "2021.07.20"]
[SourceQuality "1"]

1. g3 Nf6 2. Bg2 d5 3. d4 Bf5 4. Nf3 e6 5. O-O Nbd7 6. Nbd2 Be7 7. c4 c6 8. b3
Ne4 9. Bb2 O-O 10. e3 Re8 11. Qe2 Qc7 12. Rfc1 Rad8 13. Nf1 h6 14. N3d2 Nxd2
15. Nxd2 Nf6 16. a3 Qd7 17. Rd1 Bc2 18. Rdc1 Bf5 19. Rd1 Bc2 20. Rdc1 Bf5 {
Source: BC scoresheet} 1/2-1/2

[Event "GRE Masters Reserves"]
[Site "London"]
[Date "1973.12.12"]
[Round "2"]
[White "Heidenfeld, Wolfgang"]
[Black "Nunn, John DM"]
[Result "0-1"]
[WhiteElo "2250"]
[BlackElo "2300"]
[PlyCount "64"]
[EventDate "1973.12.11"]
[EventType "tourn"]
[EventRounds "9"]
[EventCountry "ENG"]
[SourceTitle "BritBase"]
[Source "John Saunders"]
[SourceDate "2021.07.20"]
[SourceVersion "1"]
[SourceVersionDate "2021.07.20"]
[SourceQuality "1"]

1. e4 g6 2. d4 Bg7 3. Nc3 d6 4. f4 c6 5. Nf3 Bg4 6. Be3 Qb6 7. Qd2 Bxf3 8. gxf3
Nd7 9. Bh3 Qa5 10. Ne2 Qxd2+ 11. Kxd2 e6 12. c4 Ne7 13. Rhc1 f5 14. Rc2 d5 15.
cxd5 exd5 16. e5 Nf8 17. Bf2 Ne6 18. Ke3 Kf7 19. Bh4 Nc8 20. Nc1 Nb6 21. b3 Nd7
22. Nd3 Bh6 23. Rg1 Rhc8 24. Rgc1 a5 25. Bg3 a4 26. Rb1 axb3 27. Rxb3 Ra7 28.
Rcb2 b5 29. Rc2 Nb6 30. Nb2 Nc4+ 31. Nxc4 dxc4 32. d5 cxd5 0-1

[Event "GRE Masters Reserves"]
[Site "London"]
[Date "1973.12.13"]
[Round "3"]
[White "Cafferty, Bernard"]
[Black "Formanek, Edward W"]
[Result "0-1"]
[WhiteElo "2355"]
[BlackElo "2260"]
[PlyCount "79"]
[EventDate "1973.12.11"]
[EventType "tourn"]
[EventRounds "9"]
[EventCountry "ENG"]
[SourceTitle "BritBase"]
[Source "John Saunders"]
[SourceDate "2021.07.20"]
[SourceVersion "1"]
[SourceVersionDate "2021.07.20"]
[SourceQuality "1"]

1. e4 c5 2. Nf3 Nc6 3. Bb5 g6 4. O-O Bg7 5. Re1 e5 6. c3 Nge7 7. d4 cxd4 8.
cxd4 exd4 9. Bf4 a6 10. Ba4 b5 11. Bb3 d6 12. a4 bxa4 13. Bd5 O-O 14. Bg5 Bb7
15. Qxa4 Qb6 16. Na3 Nxd5 17. exd5 Ne5 18. Nxe5 dxe5 19. Be7 Bxd5 20. Bxf8 Rxf8
21. Nc4 Qe6 22. Nd2 Bb7 23. Qb3 Bd5 24. Qa4 Bh6 25. Ne4 d3 26. Nc5 Qf5 27. Nd7
Rd8 28. Nxe5 d2 29. Re2 Qe6 30. Qh4 g5 31. Qd4 f6 32. Qxd2 fxe5 33. Rd1 g4 34.
Qc3 Re8 35. Qc5 Rc8 36. Qa5 Bf4 37. g3 Bf3 38. Rd8+ Kf7 39. Rxc8 Qxc8 40. Re1 {
time} 0-1

[Event "GRE Masters Reserves"]
[Site "London"]
[Date "1973.12.14"]
[Round "4"]
[White "Heidenfeld, Wolfgang"]
[Black "Cafferty, Bernard"]
[Result "1/2-1/2"]
[WhiteElo "2250"]
[BlackElo "2355"]
[PlyCount "32"]
[EventDate "1973.12.11"]
[EventType "tourn"]
[EventRounds "9"]
[EventCountry "ENG"]
[SourceTitle "BritBase"]
[Source "John Saunders"]
[SourceDate "2021.07.20"]
[SourceVersion "1"]
[SourceVersionDate "2021.07.20"]
[SourceQuality "1"]

1. e4 Nf6 2. Nc3 d5 3. e5 Nfd7 4. Nxd5 Nxe5 5. Ne3 c5 6. Nf3 Nbc6 7. b3 Nxf3+
8. Qxf3 Nd4 9. Qg3 f6 10. Bb2 g6 11. c3 Nf5 12. Nxf5 Bxf5 13. d4 cxd4 14. Bb5+
Bd7 15. Bxd7+ Qxd7 16. cxd4 Qe6+ {Source: BC scoresheet} 1/2-1/2

[Event "GRE Masters Reserves"]
[Site "London"]
[Date "1973.12.16"]
[Round "5"]
[White "Cafferty, Bernard"]
[Black "McGrillen, Hugh"]
[Result "1-0"]
[WhiteElo "2355"]
[BlackElo "2290"]
[PlyCount "99"]
[EventDate "1973.12.11"]
[EventType "tourn"]
[EventRounds "9"]
[EventCountry "ENG"]
[SourceTitle "BritBase"]
[Source "John Saunders"]
[SourceDate "2021.07.20"]
[SourceVersion "1"]
[SourceVersionDate "2021.07.20"]
[SourceQuality "1"]

1. e4 c5 2. Nf3 Nc6 3. Bb5 g6 4. O-O Bg7 5. Re1 Nf6 6. e5 Nd5 7. Nc3 Nc7 8. Bc4
O-O 9. d3 b6 10. Bg5 Ne6 11. Bh4 Bb7 12. Nd5 h6 13. a3 g5 14. Bg3 Ned4 15. Ba2
Nxf3+ 16. Qxf3 Nd4 17. Qd1 Nf5 18. Ne3 Nxe3 19. Rxe3 e6 20. c3 f5 21. exf6 Qxf6
22. Qe2 Rf7 23. Re1 Raf8 24. Qh5 Qf5 25. f3 Rf6 26. Bb1 g4 27. Qxg4 Qxg4 28.
fxg4 Rg6 29. h3 Bf6 30. Bd6 Rc8 31. d4 cxd4 32. Bxg6 dxe3 33. Rxe3 Kg7 34. Bd3
Bd5 35. g3 Rc6 36. Bf4 d6 37. Re2 e5 38. Bd2 Bf7 39. Bb5 Rc5 40. a4 d5 41. Rf2
h5 {(sealed)} 42. gxh5 Bxh5 43. Bh6+ Kxh6 44. Rxf6+ Kg7 45. Rf5 Bd1 46. Rxe5 a6
47. Bd7 Bb3 48. Re7+ Kf8 49. Re8+ Kf7 50. Rb8 {Source: BC scoresheet} 1-0

[Event "GRE Masters Reserves"]
[Site "London"]
[Date "1973.12.16"]
[Round "5"]
[White "Formanek, Edward W"]
[Black "Heidenfeld, Wolfgang"]
[Result "1-0"]
[WhiteElo "2260"]
[BlackElo "2250"]
[PlyCount "31"]
[EventDate "1973.12.11"]
[EventType "tourn"]
[EventRounds "9"]
[EventCountry "ENG"]
[SourceTitle "BritBase"]
[Source "John Saunders"]
[SourceDate "2021.07.20"]
[SourceVersion "1"]
[SourceVersionDate "2021.07.20"]
[SourceQuality "1"]

1. e4 e6 2. d4 d5 3. Nc3 Nf6 4. e5 Nfd7 5. Nce2 c5 6. c3 Nc6 7. f4 f6 8. Nf3
cxd4 9. cxd4 fxe5 10. fxe5 Bb4+ 11. Nc3 O-O 12. Bd3 Be7 13. O-O Rf7 14. Bxh7+
Kxh7 15. Ng5+ Bxg5 16. Qh5+ 1-0

[Event "GRE Masters Reserves"]
[Site "London"]
[Date "1973.12.16"]
[Round "5"]
[White "Nunn, John DM"]
[Black "Bellin, Robert"]
[Result "1-0"]
[WhiteElo "2300"]
[BlackElo "2320"]
[PlyCount "81"]
[EventDate "1973.12.11"]
[EventType "tourn"]
[EventRounds "9"]
[EventCountry "ENG"]
[SourceTitle "BritBase"]
[Source "John Saunders"]
[SourceDate "2021.07.20"]
[SourceVersion "1"]
[SourceVersionDate "2021.07.20"]
[SourceQuality "1"]

1. e4 c5 2. Nf3 d6 3. d4 cxd4 4. Nxd4 Nf6 5. Nc3 Nc6 6. Bc4 Qb6 7. Nb3 e6 8.
Be3 Qc7 9. f4 a6 10. Bd3 b5 11. Qf3 Rb8 12. O-O Be7 13. Rae1 O-O 14. Qg3 b4 15.
Nd1 e5 16. f5 Kh8 17. Nf2 a5 18. Qh3 Rg8 19. Ng4 Nxg4 20. Qxg4 g5 21. Rf3 Bf6
22. Rh3 Qe7 23. Rf1 a4 24. Nc1 b3 25. axb3 axb3 26. c3 Ra8 27. Nxb3 Ba6 28.
Bxa6 Rxa6 29. Rh6 Rg7 30. Nd2 Nb8 31. Nf3 Ra4 32. b3 Ra2 33. Qh5 Nd7 34. Kh1 g4
35. Nd2 Nf8 36. Nc4 Re2 37. Nb6 Rxe3 38. Nd5 Qb7 39. Nxe3 Qxe4 40. Rxf6 Qxe3
41. Rxf7 1-0

[Event "GRE Masters Reserves"]
[Site "London"]
[Date "1973.12.17"]
[Round "6"]
[White "McGrillen, Hugh"]
[Black "Formanek, Edward W"]
[Result "1/2-1/2"]
[WhiteElo "2290"]
[BlackElo "2260"]
[PlyCount "117"]
[EventDate "1973.12.11"]
[EventType "tourn"]
[EventRounds "9"]
[EventCountry "ENG"]
[SourceTitle "BritBase"]
[Source "John Saunders"]
[SourceDate "2021.07.20"]
[SourceVersion "1"]
[SourceVersionDate "2021.07.20"]
[SourceQuality "1"]

1. d4 Nf6 2. c4 c5 3. d5 b5 4. cxb5 a6 5. bxa6 g6 6. Nc3 Bxa6 7. Nf3 Bg7 8. e4
Bxf1 9. Kxf1 d6 10. h3 O-O 11. Kg1 Na6 12. Kh2 Qb6 13. Re1 Nd7 14. Re2 Ne5 15.
Nxe5 Bxe5+ 16. Kh1 Rfb8 17. Be3 Nc7 18. f4 Bg7 19. Bg1 Nb5 20. Nxb5 Qxb5 21. e5
Ra4 22. Qd2 Rxf4 23. exd6 exd6 24. Qxf4 Qxe2 25. Rf1 Rb7 26. Rf2 Qe5 27. Qxe5
Bxe5 28. b3 Kg7 29. Re2 Rb4 30. Bxc5 Rb5 31. Be3 Rxd5 32. Rd2 Rb5 33. Rd3 Rb8
34. Kg1 Kf6 35. Kf2 Ke6 36. Ke2 f5 37. a4 d5 38. a5 d4 39. Bxd4 Bxd4 40. Rxd4
Rxb3 41. Ra4 Rb7 42. a6 Ra7 43. Ke3 {(sealed)} Ke5 44. Ra5+ Ke6 45. Kd4 Kd6 46.
Ra3 Kc7 47. Ke5 Kb8 48. Rb3+ Ka8 49. Rb7 Rxa6 50. Rxh7 Kb8 51. g4 fxg4 52. hxg4
Kc8 53. Re7 Kd8 54. Re6 Ra5+ 55. Kf6 g5 56. Rb6 Ra4 57. Kxg5 Ke7 58. Kh5 Kf7
59. g5 1/2-1/2

[Event "GRE Masters Reserves"]
[Site "London"]
[Date "1973.12.18"]
[Round "7"]
[White "Cafferty, Bernard"]
[Black "Bellin, Robert"]
[Result "1/2-1/2"]
[WhiteElo "2355"]
[BlackElo "2320"]
[PlyCount "57"]
[EventDate "1973.12.11"]
[EventType "tourn"]
[EventRounds "9"]
[EventCountry "ENG"]
[SourceTitle "BritBase"]
[Source "John Saunders"]
[SourceDate "2021.07.20"]
[SourceVersion "1"]
[SourceVersionDate "2021.07.20"]
[SourceQuality "1"]

1. c4 c5 2. Nc3 g6 3. Nf3 Bg7 4. e3 Nf6 5. d4 O-O 6. Be2 Na6 7. O-O d6 8. b3
Nc7 9. Bb2 cxd4 10. Nxd4 d5 11. Rc1 dxc4 12. Bxc4 Ng4 13. Be2 Ne5 14. Qc2 Bd7
15. Rfd1 Qe8 16. Ba3 Nc6 17. Bf3 Rc8 18. Nxc6 Bxc6 19. Bxc6 Qxc6 20. Qd3 Qe6
21. h3 b5 22. Qd7 Bxc3 23. Rxc3 Nd5 24. Qxe6 fxe6 25. Rxc8 Rxc8 26. e4 Nc3 27.
Rd7 Nxe4 28. Rxe7 Rc2 29. Rxe6 {Source: BC scoresheet} 1/2-1/2

[Event "GRE Masters Reserves"]
[Site "London"]
[Date "1973.12.18"]
[Round "7"]
[White "Heidenfeld, Wolfgang"]
[Black "McGrillen, Hugh"]
[Result "0-1"]
[WhiteElo "2250"]
[BlackElo "2290"]
[PlyCount "72"]
[EventDate "1973.12.11"]
[EventType "tourn"]
[EventRounds "9"]
[EventCountry "ENG"]
[SourceTitle "BritBase"]
[Source "John Saunders"]
[SourceDate "2021.07.20"]
[SourceVersion "1"]
[SourceVersionDate "2021.07.20"]
[SourceQuality "1"]

1. e4 c5 2. Nf3 d6 3. Bb5+ Bd7 4. Bxd7+ Qxd7 5. c4 Nc6 6. O-O g6 7. d4 cxd4 8.
Nxd4 Bg7 9. Be3 Nf6 10. f3 O-O 11. Nc3 Rfc8 12. b3 Qd8 13. Qd2 Nd7 14. Kh1 a6
15. Rfd1 Qa5 16. Nd5 Qxd2 17. Rxd2 Kf8 18. Rad1 Rab8 19. Nxc6 bxc6 20. Nf4 a5
21. Nd3 c5 22. Nf2 Nb6 23. Rc1 Rb7 24. Kg1 Ke8 25. Nd3 Nd7 26. Rcc2 Ra8 27. Nc1
a4 28. Kf2 Kd8 29. f4 Kc7 30. bxa4 Rxa4 31. Nd3 Kc6 32. Nc1 Nb6 33. Nb3 Rba7
34. e5 Rxc4 35. exd6 exd6 36. Rxd6+ Kxd6 0-1